Rubber gaveshanathil oonnal nalkenda mekhalakal (Record no. 67615)

MARC details
000 -LEADER
fixed length control field 00304nam a2200121Ia 4500
100 ## - MAIN ENTRY--AUTHOR NAME
Personal name Mathew P A
245 #0 - TITLE STATEMENT
Title Rubber gaveshanathil oonnal nalkenda mekhalakal
260 ## - PUBLICATION, DISTRIBUTION, ETC. (IMPRINT)
Name of publisher Karshakan
Year of publication 2011
300 ## - PHYSICAL DESCRIPTION
Number of Pages 25-27
650 ## - SUBJECT ADDED ENTRY--TOPICAL TERM
Topical Term Rubber research
942 ## - ADDED ENTRY ELEMENTS (KOHA)
Koha item type Journals
Holdings
Withdrawn status Lost status Damaged status Not for loan Home library Current library Shelving location Date acquired Serial Enumeration / chronology Koha item type
      Journals RRII Library RRII Library Rubber general 28/11/2011 Volume 19, Issue 10 Journals